Report Writing In Business (Record no. 308189)
[ view plain ]
| 000 -LEADER | |
|---|---|
| fixed length control field | 00410nam a2200157Ia 4500 |
| 008 - FIXED-LENGTH DATA ELEMENTS--GENERAL INFORMATION | |
| fixed length control field | 230718s9999 xx 000 0 und d |
| 041 ## - LANGUAGE CODE | |
| Language code of text/sound track or separate title | eng |
| 082 ## - DEWEY DECIMAL CLASSIFICATION NUMBER | |
| Classification number | 330.2 |
| Item number | BEH |
| 100 ## - MAIN ENTRY--PERSONAL NAME | |
| Personal name | Behtely T.J. |
| 9 (RLIN) | 160678 |
| 245 ## - TITLE STATEMENT | |
| Title | Report Writing In Business |
| 260 ## - PUBLICATION, DISTRIBUTION, ETC. (IMPRINT) | |
| Date of publication, distribution, etc. | 2004 |
| Name of publisher, distributor, etc. | Viva Books |
| 300 ## - PHYSICAL DESCRIPTION | |
| Extent | 114 |
| 365 ## - TRADE PRICE | |
| Currency code | Rs. |
| Price amount | 125.00 |
| 700 ## - ADDED ENTRY--PERSONAL NAME | |
| Personal name | Behtely T.J. |
| 9 (RLIN) | 160678 |
| 906 ## - LOCAL DATA ELEMENT F, LDF (RLIN) | |
| d | B:5338/29.07.200401-Sep-2005 |
| c | MGMT |
| b | 25 |
| Withdrawn status | Lost status | Damaged status | Not for loan | Home library | Current library | Date acquired | Vendor | Budget Code | Cost, normal purchase price | Bill number | Total Checkouts | Full call number | Barcode | Date last seen | Discount | Cost, replacement price | Bill Date | Koha item type | Original Barcode |
|---|---|---|---|---|---|---|---|---|---|---|---|---|---|---|---|---|---|---|---|
| Cummins College of Engineering for Women Pune | Cummins College of Engineering for Women Pune | 06/08/2004 | Technical Book Services | MGMT | 100.00 | 5338/29.07.2004 | 330.2 | CCEP-BK-19396 | 18/07/2023 | 25 | 125.00 | 01/09/2005 | Books | 019396 |